7 week days in 15 seconds - Statistics

General Stats
  • This quiz has been taken 729 times
  • The average score is 5 of 7
Answer Stats
days % Correct
monday
100%
tuesday
91%
wednesday
79%
thursday
71%
friday
69%
sunday
58%
saturday
56%
No matching quizzes found
Score Distribution
Percent of People with Each Score
Percentile by Number Answered
Your Score History
You have not taken this quiz